000 00470nam a2200181Ia 4500
001 22222
003 GE_BSU
008 181216s||||||||xx |||||||||||||| ||und||
040 _cGE_BSU
245 _aParis Match, du 8 au 14 fevrier. №3587. 2018
260 _aParis
260 _c2018
300 _a102p. 30cm. ill.
653 _aParis Match, du 8 au 14 fevrier. №3587. 2018
653 _aПериодика
653 _aპერიოდიკა
942 _cCR
999 _c55147
_d55147